Diccionario general de abreviaturas españolas (Registro nro. 189242)

Detalles MARC
000 -LEADER
campo de control de longitud fija 00931nam a2200277 i 4500
001 - NÚMERO DE CONTROL
campo de control 189242
003 - IDENTIFICADOR DE NÚMERO DE CONTROL
campo de control SpMaBN
005 - FECHA Y HORA DE LA ÚLTIMA TRANSACCIÓN
campo de control 20240105101541.0
008 - DATOS DE LONGITUD FIJA--INFORMACIÓN GENERAL
campo de control de longitud fija 190429s2001 sp d |||| | spa d
020 ## - NÚMERO INTERNACIONAL ESTÁNDAR DEL LIBRO
Número Internacional Estándar del Libro 84-7962-183-4
080 ## - NÚMERO DE LA CLASIFICACIÓN DECIMAL UNIVERSAL
Número de la Clasificación Decimal Universal 003.083(038)
100 1# - ENTRADA PRINCIPAL--NOMBRE DE PERSONA
Nombre de persona Galende Díaz, Juan Carlos.
9 (RLIN) 53372
245 10 - MENCIÓN DEL TÍTULO
Título Diccionario general de abreviaturas españolas
Resto del título : [siglas-acrónimos-fórmulas y expresiones documentales] /
Mención de responsabilidad, etc. Juan Carlos Galende Díaz.
250 ## - MENCION DE EDICION
Mención de edición 2ª ed. (corr. y aum.).
260 ## - PUBLICACIÓN, DISTRIBUCIÓN, ETC.
Lugar de publicación, distribución, etc. Madrid :
Nombre del editor, distribuidor, etc. Verbum,
Fecha de publicación, distribución, etc. 2001.
300 ## - DESCRIPCIÓN FÍSICA
Extensión 422 p. ;
Dimensiones 20 cm.
490 1# - MENCIÓN DE SERIE
Mención de serie Verbum diccionarios
500 ## - NOTA GENERAL
Nota general Índice.
504 ## - NOTA DE BIBLIOGRAFÍA, ETC.
Nota de bibliografía, etc. Bibliografía: p. 415-422.
650 #7 - PUNTO DE ACCESO ADICIONAL DE MATERIA--TÉRMINO DE MATERIA
Término de materia o nombre geográfico como elemento de entrada Abreviaturas-
Subdivisión de forma Diccionarios.
9 (RLIN) 166929
650 #7 - PUNTO DE ACCESO ADICIONAL DE MATERIA--TÉRMINO DE MATERIA
Término de materia o nombre geográfico como elemento de entrada Siglas-
Subdivisión de forma Diccionarios.
9 (RLIN) 166930
830 0# - PUNTO DE ACCESO ADICIONAL DE SERIE-TÍTULO UNIFORME
Título uniforme Verbum diccionarios
9 (RLIN) 225798
852 ## - LOCALIZACIÓN
Ubicación ES-MaACL
Número de control de estantería A-14531
itemnumber 196380
Sublocalización o colección R.152052
Ubicación en estantería Depósito 1
Signatura antigua Olim: N-7531
942 ## - ELEMENTOS DE ENTRADA SECUNDARIOS (KOHA)
Fuente del sistema de clasificación o colocación Clasificación decimal universal
Existencias
Estatus retirado Estado de pérdida Fuente del sistema de clasificación o colocación Estado de daño No para préstamo Biblioteca de origen Biblioteca actual Ubicación en estantería Fecha de adquisición Fuente de adquisición Total de préstamos Signatura topográfica completa Código de barras Visto por última vez Precio de reemplazo Tipo de ítem Koha
    Clasificación decimal universal     Biblioteca del Ateneo de Madrid Biblioteca del Ateneo de Madrid Depósito 1 29/04/2019 Donación   A-14531 1200442 23/02/2023 23/02/2023 Libro impreso